All Pokémon with Cursed Body - Statistics

General Stats
  • This quiz has been taken 12 times
  • The average score is 7 of 13
Answer Stats
(Avail)ability Pokémon % Correct
Only Ability Gengar
100%
Second Ability Frillish
88%
Second Ability Jellicent
75%
First Ability Alolan Marowak
63%
Hidden Ability Banette
63%
Hidden Ability Shuppet
63%
Hidden Ability Froslass
50%
Hidden Ability Galarian Corsola
50%
Hidden Ability Dragapult
38%
Hidden Ability Drakloak
38%
Hidden Ability Dreepy
38%
Hidden Ability Polteageist
38%
Hidden Ability Sinistea
38%
No matching quizzes found
Score Distribution
Percent of People with Each Score
Percentile by Number Answered
Your Score History
You have not taken this quiz